Trasa Autobusu 192 Warszawa - Statystyki

Ogólne statystyki
  • Ten quiz został rozwiązany 2 razy
  • Średni wynik to 21 z 33
Statystyki odpowiedzi
Ulice Przystanek % Poprawnych
Belgradzka / Lanciego Lanciego
100%
Gandhi Metro Imielin
100%
Al. KEN / Wąwozowa Metro Kabaty
100%
Al. KEN / Belgradzka Metro Natolin
100%
Al. KEN / Herbsta Metro Stokłosy
100%
Al. KEN Os. Kabaty
100%
Przy Bażantarni Przy Bażantarni
100%
Wąwozowa / Rosoła Wąwozowa
100%
Wąwozowa Zaruby
100%
Płaskowickiej Braci Wagów
50%
Herbsta / Romera Dunikowskiego
50%
Krasnowolska Flamenco
50%
Herbsta / Pileckiego Herbsta
50%
Pileckiego Hospicjum Onkologiczne
50%
Rosoła Kiepury
50%
Taneczna Kondracka
50%
Krasnowolska / Kujawiaka Krasnowola
50%
Kujawiaka Kujawiaka
50%
Cynamonowa / Ciszewskiego Magellana
50%
Lanciego Migdałowa
50%
Gandhi Miklaszewskiego
50%
Płaskowickiej Natolin Płn.
50%
Romera Pięciolinii
50%
Płaskowickiej / Pileckiego Pileckiego
50%
Pileckiego Poleczki
50%
Gandhi / Cynamonowa Polinezyjska
50%
Przy Bażantarni / Al. KEN Raabego
50%
Taneczna Samsonowska
50%
Płaskowickiej Stryjeńskich
50%
Pileckiego / Gandhi Szpital Południowy
50%
Taneczna Taneczna
50%
Ciszewskiego / Al. KEN Ursynów Płd,
50%
Rosoła / Przy Bażantarni Lokajskiego
0%
Nie znaleziono quizów pasujących do podanych kryteriów
Rozkład punktacji
Procent ludzi z każdym wynikiem
Percentyl według liczby udzielonych odpowiedzi
Twoja historia wyników
Nie rozwiązałeś tego quizu